| 000 | 00896nam a2200217 a 4500 | ||
|---|---|---|---|
| 003 | 0 | ||
| 005 | 20250623100307.0 | ||
| 008 | 021022s19uu xx 00 eng d | ||
| 050 |
_aPGS LC 3736.P6 _b.K49 1998 |
||
| 100 | _aKim, Min Ju. | ||
| 245 |
_aThe problems encountered by LRU students in learning English language / _cMin Ju Kim. |
||
| 260 |
_aLas PiƱas City, Philippines : _bSouthville International School and Colleges, _c1998. |
||
| 300 |
_a21 pages : _billustrations ; _c28 cm. |
||
| 504 | _aIncludes bibliographical references. | ||
| 650 |
_aEnglish language _vStudy and teaching _vForeign speakers _zPhilippines. |
||
| 650 |
_aNon-English-speaking students _zPhilippines. |
||
| 650 |
_aLanguage acquisition _zPhilippines. |
||
| 650 |
_aEnglish language _vStudy and teaching _vDifficulties. |
||
| 650 |
_aSecond language acquisition _zPhilippines. |
||
| 942 |
_2lcc _cPASS |
||
| 999 |
_c96116 _d96116 |
||